000 00485nam a2200181Ia 4500
008 131103s9999 xx 000 0 und d
020 _a034536497x
040 _aLoreto College
041 _aEnglish
082 _aF/GAR
_bLCBED/11126
100 _aGardner, Erle Stanley
245 4 _aThe case of the lucky loser
_cErle Stanley Gardner
260 _aNew York
_bBallantine
_c1957
300 _a178 p.
_c 18 cm.
650 _aEnglish Fiction
850 _aLCBED/F/GAR
942 _cBK
999 _c32623
_d83102